| 000 | 00766nam a22002297a 4500 | ||
|---|---|---|---|
| 999 |
_c20026 _d20026 |
||
| 003 | AR-CdUCM | ||
| 008 | 190524b ||||| |||| 00| 0 spa d | ||
| 040 |
_aMUNICIPALIDAD PROVINCIAL DEL CUSCO _cBIBLIOTECA MUNICIPAL DEL CUSCO |
||
| 082 |
_a701.1709 / _bL71 |
||
| 100 |
_aListowel, Conde De _941888 |
||
| 245 | _aHistoria critica de la estética moderna / | ||
| 300 |
_a276 páginas _c21 cm. |
||
| 505 | _aContenido: Teorías estéticas subjetivas -- Teorías estéticas objetivas -- Las artes menores... | ||
| 650 |
_aExpresión _941889 |
||
| 650 |
_aPlacer _936937 |
||
| 650 |
_aJuego _933628 |
||
| 650 |
_aApariencia _941890 |
||
| 650 |
_aIlusión _95277 |
||
| 700 |
_aHurtado, Leopoldo (traductor) _941891 |
||
| 942 |
_2ddc _cLIBROS |
||
| 945 | _aJavier | ||